| 000 | 00408nam a2200145Ia 4500 | ||
|---|---|---|---|
| 008 | 231217s9999 xx 000 0 und d | ||
| 041 | _aEnglish | ||
| 082 | _a001.642 BHA;1 R | ||
| 100 | _aBhatt, Pramod Chandra P | ||
| 245 | 0 | _aIntroduction to operating systems : concepts and practice | |
| 260 |
_c2003 _bPHI _aNew Delhi |
||
| 300 | _axiii+297 | ||
| 650 | _aoperating,systems,:,concepts | ||
| 942 | _cAA | ||
| 999 |
_c172075 _d172075 |
||